Normal view
MARC view
- تحرير: ملكاوي، فتحي ، عزمي طه
Entry Personal Name
001 - CONTROL NUMBER
- control field: 52573
003 - CONTROL NUMBER IDENTIFIER
- control field: JO-AjAnu
005 - DATE AND TIME OF LATEST TRANSACTION
- control field: 20230606082636.0
008 - FIXED-LENGTH DATA ELEMENTS
- fixed length control field: 230606|| aca||aabn | a|a d
040 ## - CATALOGING SOURCE
- Original cataloging agency: JO-AjAnu
- Transcribing agency: JO-AjAnu
100 ## - HEADING--PERSONAL NAME
- Personal name: تحرير: ملكاوي، فتحي ، عزمي طه
670 ## - SOURCE DATA FOUND
- Source citation: Work cat.: (JO-AjAnu)26865: تحرير: ملكاوي، فتحي ، عزمي طه, author, العطاء الفكري لأبي الوليد بن رشد: وقائع الحلقة الدراسية التي عقدت في حرم جامعة آل البيت في المفرق/ الاردن بتاريخ 29 رجب 1419هـ الموافق له 18 تشرين الثاني 1998